| 000 | 01373nam0a2200397 4500 | ||
|---|---|---|---|
| 001 | RU\NLR\bibl\230386 | ||
| 005 | 20260406061929.0 | ||
| 010 |
_a5-94540-002-5 _bВ пер. _9800 |
||
| 021 |
_aRU _b2001-52256 _92527 |
||
| 035 | _a(NLR Aleph) 000226349 | ||
| 090 |
_a1316660 _c1316660 |
||
| 100 | _a20020204d2001 |||y0rusy50 ca | ||
| 101 | 1 | _arus | |
| 102 | _aRU | ||
| 105 | _aa ||||||||| | ||
| 200 | 1 |
_aТантра в русской бане, или Агни-тантра _fТурияпати Свами _g[Пер. С.М. Преображенского] |
|
| 210 |
_aСПб. _cБалтКнига _d2001 |
||
| 215 |
_a384 с. _cил. _d23 |
||
| 300 | _aНа пер. авт. не указан | ||
| 320 | _aБиблиогр.: с. 377-384 | ||
| 517 | 0 | _aАгни-тантра | |
| 606 | 0 |
_aПсихобиоэнергетика _91524850 _3RU\NLR\auth\66964907 |
|
| 606 | 0 | _aБани - Влияние на организм | |
| 606 | 0 | _aТантризм (филос.) | |
| 606 | 0 | _aБиоэнергетика | |
| 675 |
_a133 _v3 _zrus |
||
| 686 |
_a02 _2rugasnti |
||
| 686 |
_a86.42 _2rubbk |
||
| 686 | _aЮ969.1 | ||
| 700 | 0 |
_4070 _8rus _7ca _aТурияпати Свами _3RU\NLR\AUTH\7712124 _9121855 |
|
| 801 | 0 |
_aRU _bRKP _c20020204 _gPSBO |
|
| 801 | 1 |
_aRU _bRKP _c20020204 |
|
| 801 | 2 |
_aRU _bNLR _c20020412 _grcr |
|
| 942 | _cBOOK | ||
| 980 | _aNB | ||